| 000 | 00610cam a2200157ua 4500 | ||
|---|---|---|---|
| 003 | OSt | ||
| 008 | 220205b ||||| |||| 00| 0 eng d | ||
| 041 | _aeng | ||
| 082 |
_a551.48 _bSUB/EN |
||
| 100 |
_aSubramanya, K . _9149 |
||
| 245 | _aEngineering hydrology / | ||
| 260 |
_aNew Delhi : _bTata Mc-Graw Hill Publishing Company , _c1982. |
||
| 300 | _a308 ; . | ||
| 505 | _a1Introduction 2 Precipitation 3 Abstraction from Precipitation 4 Stream flow Measurement 5 Runoff 6 Hydrographs 7 Floods 8 Flood Routing 9 Ground Water 10 Erosion and reservoir Sedimentation Objective questions | ||
| 942 | _cBK | ||
| 999 |
_c11298 _d11298 |
||